000 00231nam a22000857a 4500
008 160820b xxu||||| |||| 00| 0 eng d
100 _9187
_aMaanu Graphics
245 _aGandhi: The Bhagavadgita
260 _aNew Delhi
_bMaanu Graphics
_c2012
999 _c2845
_d2845